Перейти до змісту

Современные тенденции в архитектуре учебное пособие по дисциплине «методология проектно-исследовательской и научной деятельности»

Учебное пособие предназначено для реализации дисциплины «Методология проектно-исследовательской и научной деятельности». Представляет собой комплекс лекционных материалов для проведения теоретических занятий и организации самоконтроля успеваемости студентов. В пособии представлена информация о совре...

Повний опис

Збережено в:
Бібліографічні деталі
Автор: Витюк Е. Ю.
Формат: Книга
Мова:Russian
Опубліковано: Екатеринбург УрГАХУ 2020
Онлайн доступ:https://e.lanbook.com/book/189239
https://e.lanbook.com/img/cover/book/189239.jpg
Теги: Додати тег
Немає тегів, Будьте першим, хто поставить тег для цього запису!
LEADER 02470nam0a2200277 i 4500
001 189239
003 RuSpLAN
005 20221220174138.0
008 221220s2020 ru gs 000 0 rus
020 |a 978-5-7408-0279-4 
040 |a RuSpLAN 
041 0 |a rus 
044 |a ru 
080 |a 72.01 72.01 
084 |a 85.110я73  |2 rubbk 
245 0 0 |a Современные тенденции в архитектуре  |b учебное пособие по дисциплине «методология проектно-исследовательской и научной деятельности»  |c Витюк Е. Ю. 
260 |a Екатеринбург  |b УрГАХУ  |c 2020 
300 |a 152 с. 
500 |a Допущено УМС УрГАХУ в качестве учебного пособия для студентов, обучающихся по направлению подготовки 07.03.01 «Архитектура» 
504 |a Библиогр.: доступна в карточке книги, на сайте ЭБС Лань 
520 8 |a Учебное пособие предназначено для реализации дисциплины «Методология проектно-исследовательской и научной деятельности». Представляет собой комплекс лекционных материалов для проведения теоретических занятий и организации самоконтроля успеваемости студентов. В пособии представлена информация о современных течениях в области архитектуры, процессах междисциплинарного уровня, оказывающих влияние на архитектурную теорию и практику. Рассмотрены аспекты формирования новых научных подходов, направлений, стилевых течений, а также их реализация в практической деятельности архитекторов 
521 8 |a Книга из коллекции УрГАХУ - Инженерно-технические науки 
100 1 |a Витюк Е. Ю. 
856 4 |u https://e.lanbook.com/book/189239 
856 4 8 |u https://e.lanbook.com/img/cover/book/189239.jpg 
953 |a https://e.lanbook.com/img/cover/book/189239.jpg